Cuestiones generales de pedagogía

Este libro trata el tema de la educación del hombre nuevo, del activo y consciente constructor del comunismo, por ello da gran importancia a la pedagogía como ciencia de la educación.

Salvato in:
Dettagli Bibliografici
Autore principale: Kovaliov, A.
Natura: Libro
Lingua:Spanish
Pubblicazione: Bogotá: Ediciones Suramerica, 1965
Soggetti:
Accesso online:Enlace del recurso
Tags: Aggiungi Tag
Nessun Tag, puoi essere il primo ad aggiungerne! !

MARC

LEADER 00000nam a2200000 a 4500
001 000904
008 030905s1965 ck # fr# #000|0#spa#d
041 0 |a spa 
043 |a s-ck--- 
082 0 4 |a 371  |b K581c 
100 1 |a Kovaliov, A. 
245 1 0 |a Cuestiones generales de pedagogía   |c A. Kovaliov 
260 |a Bogotá:  |b Ediciones Suramerica,  |c 1965 
300 |a 390 p. 
520 3 |a Este libro trata el tema de la educación del hombre nuevo, del activo y consciente constructor del comunismo, por ello da gran importancia a la pedagogía como ciencia de la educación. 
650 1 4 |a PEDAGOGÍA 
650 1 4 |a FILOSOFÍA DE LA EDUCACIÓN 
999 |c 3056  |d 3056 
856 |u https://catalogo.idep.edu.co/cgi-bin/koha/opac-detail.pl?biblionumber=3056  |z Enlace del recurso